000
00294nam a22001337a 4500
008
181206b xxu||||| |||| 00| 0 eng d
020
_a
9780136026990
041
_a
eng
080
_2
8 TH
_a
311
100
_a
55
101
_a
STA
245
_a
Modern Statistics
_c
Joh.E.F
942
_2
udc
_c
BK
999
_c
52977
_d
52977